| 000 -LEADER | |
|---|---|
| fixed length control field | 00435nam a22001697a 4500 |
| 005 - DATE AND TIME OF LATEST TRANSACTION | |
| control field | 20180621101848.0 |
| 008 - FIXED-LENGTH DATA ELEMENTS--GENERAL INFORMATION | |
| fixed length control field | 160601b xxu||||| |||| 00| 0 eng d |
| 020 ## - INTERNATIONAL STANDARD BOOK NUMBER | |
| ISBN | 81-259-1203-7 |
| 041 ## - LANGUAGE CODE | |
| Language code of text/sound track or separate title | eng |
| 082 ## - DEWEY DECIMAL CLASSIFICATION NUMBER | |
| Item number | 6616 |
| Classification number | 658 |
| 100 ## - MAIN ENTRY--AUTHOR NAME | |
| Personal name | Vrat, Prem and others |
| 245 ## - TITLE STATEMENT | |
| Title | Case Studies on Management |
| 260 ## - PUBLICATION, DISTRIBUTION, ETC. (IMPRINT) | |
| Place of publication | New Delhi |
| Name of publisher | Vikas Publishing House (P) Ltd. |
| Year of publication | 2004 |
| 300 ## - PHYSICAL DESCRIPTION | |
| Number of Pages | 292 |
| 650 ## - SUBJECT ADDED ENTRY--TOPICAL TERM | |
| Topical Term | Management |
| 942 ## - ADDED ENTRY ELEMENTS (KOHA) | |
| Koha item type | Books |
| Lost status | Damaged status | Collection code | Home library | Current library | Shelving location | Date acquired | Cost, normal purchase price | Full call number | Accession Number | Koha item type |
|---|---|---|---|---|---|---|---|---|---|---|
| MANAGEMENT | JRU Library | JRU Library | SHELF-64-H | 01/06/2016 | 300.00 | 658 | 6616 | Books | ||
| MANAGEMENT | JRU Library | JRU Library | SHELF-64-H | 01/06/2016 | 300.00 | 658 | 6617 | Books | ||
| MANAGEMENT | JRU Library | JRU Library | SHELF-64-H | 01/06/2016 | 300.00 | 658 | 6618 | Books | ||
| MANAGEMENT | JRU Library | JRU Library | SHELF-64-H | 01/06/2016 | 300.00 | 658 | 6619 | Books | ||
| MANAGEMENT | JRU Library | JRU Library | SHELF-38-E | 01/06/2016 | 300.00 | 658 | 6620 | Books | ||
| Reference | JRU Library | SHELF-28-F | 01/06/2016 | 300.00 | 658 | 6621 | Books | |||
| MANAGEMENT | JRU Library | JRU Library | SHELF-64-H | 01/06/2016 | 300.00 | 658 | 6622 | Books | ||
| MANAGEMENT | JRU Library | JRU Library | SHELF-64-H | 01/06/2016 | 300.00 | 658 | 6623 | Books | ||
| MANAGEMENT | JRU Library | JRU Library | SHELF-64-H | 01/06/2016 | 300.00 | 658 | 6624 | Books | ||
| MANAGEMENT | JRU Library | JRU Library | SHELF-64-H | 01/06/2016 | 300.00 | 658 | 6625 | Books |